Borfogyasztás, marketing és digitalizáció a magyar borászatban
| Szerző: | |
|---|---|
| További közreműködők: | |
| Dokumentumtípus: | Diplomadolgozat |
| Kulcsszavak: | borászat bormarketing digitalizáció fogyasztói szokások marketingeszközök |
| Online Access: | http://dolgozattar.uni-bge.hu/58852 |
MARC
| LEADER | 00000nta a2200000 i 4500 | ||
|---|---|---|---|
| 001 | dolg58852 | ||
| 005 | 20251027142525.0 | ||
| 008 | 251027suuuu hu om 000 hun d | ||
| 040 | |a BGE Dolgozattár Repozitórium |b hun | ||
| 041 | |a hu | ||
| 100 | 1 | |a Szamosi Liza | |
| 245 | 1 | 0 | |a Borfogyasztás, marketing és digitalizáció a magyar borászatban |c Szamosi Liza |h [elektronikus dokumentum] |
| 520 | 3 | |a A dolgozat célja a magyar borpiac aktuális helyzetének és fejlődési irányainak átfogó bemutatása, különös tekintettel a marketingeszközök, a digitalizáció és a borturizmus szerepére. A borászatok helyzetét marketingelméleti modellek – többek között a SWOT-analízis, a 4P és a 7P modell – alkalmazásával elemeztem. Kiemelt figyelem irányul a digitális technológiák térnyerésére, amelyek új lehetőségeket biztosítanak a borászatok számára a fogyasztói kapcsolatok erősítésében és a piaci jelenlét növelésében. A dolgozat részletesen tárgyalja a borturizmus jelentőségét is, amely a borfogyasztáshoz kapcsolódó élményalapú szolgáltatások révén hozzájárul a vidéki térségek gazdasági fejlődéséhez. Az eredmények rámutatnak, hogy a korszerű marketingstratégiák és a digitalizáció tudatos alkalmazása elengedhetetlen a borászatok fenntartható növekedéséhez és a magyar borkultúra nemzetközi versenyképességének erősítéséhez. | |
| 695 | |a borászat | ||
| 695 | |a bormarketing | ||
| 695 | |a digitalizáció | ||
| 695 | |a fogyasztói szokások | ||
| 695 | |a marketingeszközök | ||
| 700 | 1 | |a Bali Zsófia |e ths | |
| 700 | 1 | |a Totth Dr. Gedeon |e ths | |
| 856 | 4 | 0 | |u http://dolgozattar.uni-bge.hu/58852/1/Szamosi%20Liza_I3COM1_KKK_Marketing%20szak.pdf |z Dokumentum-elérés |
| 856 | 4 | 0 | |u http://dolgozattar.uni-bge.hu/58852/2/Szamosi%20Liza_I3COM1_Nyilatkozat%20a%20dolgozat%20st%C3%A1tusz%C3%A1r%C3%B3l.pdf |z Dokumentum-elérés |
| 856 | 4 | 0 | |u http://dolgozattar.uni-bge.hu/58852/3/B%C3%ADr%C3%A1lat%20-%20szakdolgozat.pdf |z Dokumentum-elérés |
| 856 | 4 | 0 | |u http://dolgozattar.uni-bge.hu/58852/4/Megjel%C3%B6lt%20t%C3%A9mak%C3%B6r.pdf |z Dokumentum-elérés |
| 856 | 4 | 0 | |u http://dolgozattar.uni-bge.hu/58852/5/Szamosi%20Liza.pdf |z Dokumentum-elérés |